000 00689cam a2200265 4500
008 040330n2003 000 0 eng u
020 _a0863825370
022 _a0964-6167
035 _a(Sirsi) u125666
041 _aeng
050 _a070.025
_c18
245 _aBenn's media 2004...Europe
250 _a152nd ed.
260 _aTonbridge
_bCMP Information Ltd
_c2003
300 _av, 986p.
_c30cm.
350 _a131.67
520 _aA guide to European newspapers, periodicals, television, radio and on-line media.
650 _aDIRECTORIES
650 _aJOURNALS
650 _aMEDIA
650 _aNEWSPAPERS
650 _aEUROPE
650 _aPERIODICALS
942 _n0
999 _c103452
_d103452